000 00317nam a2200133Ia 4500
005 20260328101505.0
008 260328s9999||||xx |||||||||||||| ||und||
100 _aLe Corbusier
245 0 _aLa Casa de los Hombres /
_cLe Corbusier
260 _bApóstrofe
300 _a220 p.
650 _aARQUITECTURA
942 _cBK
999 _c9003
_d9003